States with the Most Missing Persons per Capita 👤 - Statistics

General Stats
  • This quiz has been taken 168 times
  • The average score is 10 of 15
Answer Stats
Rate State % Correct
162.53 Alaska
81%
10.15 Montana
79%
11.42 Oregon
79%
10.39 New Mexico
78%
9.9 Washington
77%
13.58 Arizona
75%
14.91 Hawaii
72%
8.84 Wyoming
71%
9.76 Maine
66%
8.95 Louisiana
64%
10.66 Arkansas
62%
18.06 Oklahoma
62%
8.86 Vermont
58%
8.74 Tennessee
51%
7.69 West Virginia
51%
No matching quizzes found
Score Distribution
Percent of People with Each Score
Percentile by Number Answered
Your Score History
You have not taken this quiz